It looks like you're offline.
Open Library logo
additional options menu

MARC record from Internet Archive

LEADER: 02569cam 2200541 a 4500
001 ocm36755796
003 OCoLC
005 20100219140125.0
008 970407s1997 nyua 000 1 eng
010 $a 97011954
040 $aDLC$cDLC$dFIT$dOCL$dBAKER$dBTCTA$dYDXCP$dBLP
020 $a0670873926 (acid-free paper)
020 $a9780670873920 (acid-free paper)
035 $a(OCoLC)36755796
050 00 $aPR9199.3.S514$bL37 1997
082 00 $a813/.54$221
100 1 $aShields, Carol.
245 10 $aLarry's party /$cCarol Shields.
260 $aNew York :$bViking,$c1997.
300 $aix, 339 p. :$bill. ;$c24 cm.
520 $aA comedy on the rise of a nobody. It happens to Larry Weller, a Winnipeg floral designer who goes for his honeymoon to England. The couple visit Hampton Court with its shrubs and Weller discovers his vocation, becoming a famous maize builder.
650 0 $aMen$vFiction.
650 0 $aLandscape architects$vFiction.
650 0 $aSelf-disclosure$vFiction.
655 7 $aBildungsromans.$2gsafd
650 0 $aBildungsromans.$2gsafd
938 $aBaker & Taylor$bBKTY$c23.95$d17.96$i0670873926$n0002972671$sactive
938 $aBaker and Taylor$bBTCP$n97011954 //r982
938 $aYBP Library Services$bYANK$n1386252
952 $a36755796$zDLC$bLIBRARY OF CONGRESS$hFull$iLCC$kDDC$nSummary$u20091211
952 $a131391105$zYUS$bYALE UNIV LIBR$hFull$iLCC$kDDC$u20070518
952 $a132656800$zJTC$bSHASTA PUBLIC LIBR$hFull$iLCC$kDDC$u20070519
952 $a133806088$zRBN$bBROWN UNIV$hFull$iLCC$u20070523
952 $a176824908$zPUL$bPRINCETON UNIV$hFull$iLCC$kDDC$u20071025
952 $a188852575$zPAU$bUNIV OF PENNSYLVANIA$hFull$iLCC$kDDC$u20080517
952 $a217829036$zCUY$bUNIV OF CALIFORNIA, BERKELEY$hFull$iLCC$kDDC$u20080403
952 $a238973646$zHLS$bHARVARD UNIV, HARVARD COL LIBR$hLess-than-full batch$iLCC$kDDC$u20090804
952 $a238973649$zHLS$bHARVARD UNIV, HARVARD COL LIBR$hLess-than-full batch$iLCC$kDDC$u20090804
952 $a275188757$zSTF$bSTANFORD UNIV LIBR$hFull$iLCC$kDDC$u20100118
952 $a370313549$zUBY$bBRIGHAM YOUNG UNIV LIBR$hFull$iLCC$kDDC$u20090604
952 $a467266853$zDDO$bDUMBARTON OAKS RES LIBR$hFull batch$iLCC$kDDC$u20091119
952 $a481194167$zTEU$bTEMPLE UNIV$hFull$u20091212
952 $a484049983$zN15$bNEW YORK UNIV, GROUP BATCHLOAD$hFull$iLCC$kDDC$u20091212
029 1 $aYDXCP$b1386252
029 1 $aNZ1$b5085298
029 1 $aAU@$b000013199320
994 $aZ0$bPMR
948 $hNO HOLDINGS IN PMR - 1578 OTHER HOLDINGS